Compiler Construction 17th International Conference, CC 2008, Held as Part of the Joint European Conferences on Theory and Practice of Software, ETAPS 2008, Budapest, Hungary, March 29 - April 6, 2008. Proceedings /

Corporate Author: SpringerLink (Online service)
Other Authors: Hendren, Laurie. (Editor, http://id.loc.gov/vocabulary/relators/edt)
Language:English
Published: Berlin, Heidelberg : Springer Berlin Heidelberg : Imprint: Springer, 2008.
Edition:1st ed. 2008.
Series:Theoretical Computer Science and General Issues ; 4959
Subjects:
Online Access:https://doi.org/10.1007/978-3-540-78791-4
LEADER 04291nam a22005775i 4500
001 978-3-540-78791-4
003 DE-He213
005 20210624235301.0
007 cr nn 008mamaa
008 100301s2008 gw | s |||| 0|eng d
020 |a 9783540787914  |9 978-3-540-78791-4 
024 7 |a 10.1007/978-3-540-78791-4  |2 doi 
050 4 |a QA76.7-76.73 
050 4 |a QA76.76.C65 
072 7 |a UMX  |2 bicssc 
072 7 |a COM051010  |2 bisacsh 
072 7 |a UMX  |2 thema 
072 7 |a UMC  |2 thema 
082 0 4 |a 005.13  |2 23 
245 1 0 |a Compiler Construction  |h [electronic resource] :  |b 17th International Conference, CC 2008, Held as Part of the Joint European Conferences on Theory and Practice of Software, ETAPS 2008, Budapest, Hungary, March 29 - April 6, 2008. Proceedings /  |c edited by Laurie Hendren. 
250 |a 1st ed. 2008. 
264 1 |a Berlin, Heidelberg :  |b Springer Berlin Heidelberg :  |b Imprint: Springer,  |c 2008. 
300 |a XII, 312 p.  |b online resource. 
336 |a text  |b txt  |2 rdacontent 
337 |a computer  |b c  |2 rdamedia 
338 |a online resource  |b cr  |2 rdacarrier 
347 |a text file  |b PDF  |2 rda 
490 1 |a Theoretical Computer Science and General Issues ;  |v 4959 
505 0 |a Papers from Invited Talks -- Design Choices in a Compiler Course or How to Make Undergraduates Love Formal Notation -- Improved Memory-Access Analysis for x86 Executables -- Analyses and Transformations -- A System for Generating Static Analyzers for Machine Instructions -- IDE Dataflow Analysis in the Presence of Large Object-Oriented Libraries -- An Adaptive Strategy for Inline Substitution -- Automatic Transformation of Bit-Level C Code to Support Multiple Equivalent Data Layouts -- Compiling for Parallel Architectures -- Control Flow Emulation on Tiled SIMD Architectures -- Generating SIMD Vectorized Permutations -- Automatic Transformations for Communication-Minimized Parallelization and Locality Optimization in the Polyhedral Model -- Runtime Techniques and Tools -- How to Do a Million Watchpoints: Efficient Debugging Using Dynamic Instrumentation -- Compiler-Guaranteed Safety in Code-Copying Virtual Machines -- Hardware JIT Compilation for Off-the-Shelf Dynamically Reconfigurable FPGAs -- Visualization of Program Dependence Graphs -- Analyses -- On the Relative Completeness of Bytecode Analysis Versus Source Code Analysis -- Efficiency, Precision, Simplicity, and Generality in Interprocedural Data Flow Analysis: Resurrecting the Classical Call Strings Method -- Java Bytecode Verification for @NonNull Types -- Efficient Context-Sensitive Shape Analysis with Graph Based Heap Models -- Atomicity and Transactions -- Coqa: Concurrent Objects with Quantized Atomicity -- Keep Off the Grass: Locking the Right Path for Atomicity -- Supporting Legacy Binary Code in a Software Transaction Compiler with Dynamic Binary Translation and Optimization. 
650 0 |a Programming languages (Electronic computers). 
650 0 |a Computer logic. 
650 0 |a Mathematical logic. 
650 0 |a Software engineering. 
650 0 |a Artificial intelligence. 
650 1 4 |a Programming Languages, Compilers, Interpreters.  |0 https://scigraph.springernature.com/ontologies/product-market-codes/I14037 
650 2 4 |a Logics and Meanings of Programs.  |0 https://scigraph.springernature.com/ontologies/product-market-codes/I1603X 
650 2 4 |a Mathematical Logic and Formal Languages.  |0 https://scigraph.springernature.com/ontologies/product-market-codes/I16048 
650 2 4 |a Software Engineering.  |0 https://scigraph.springernature.com/ontologies/product-market-codes/I14029 
650 2 4 |a Artificial Intelligence.  |0 https://scigraph.springernature.com/ontologies/product-market-codes/I21000 
700 1 |a Hendren, Laurie.  |e editor.  |4 edt  |4 http://id.loc.gov/vocabulary/relators/edt 
710 2 |a SpringerLink (Online service) 
773 0 |t Springer Nature eBook 
776 0 8 |i Printed edition:  |z 9783540849520 
776 0 8 |i Printed edition:  |z 9783540787907 
830 0 |a Theoretical Computer Science and General Issues ;  |v 4959 
856 4 0 |u https://doi.org/10.1007/978-3-540-78791-4 
912 |a ZDB-2-SCS 
912 |a ZDB-2-SXCS 
912 |a ZDB-2-LNC 
950 |a Computer Science (SpringerNature-11645) 
950 |a Computer Science (R0) (SpringerNature-43710)